Statistics for Test your Gk

Click here to take the quiz!

General Stats

  • This quiz has been taken 12 times
  • The average score is 12 of 15

Answer Stats

QuestionAnswer% Correct
How many states United States of america50
100%
What is the biggest country in South americaBrazil
100%
What is the capital of Spain?Madrid
100%
Which is the smallest country In the worldVatican
100%
What is the smallest continent in the worldAustralia
92%
What country is home to the tallest mountain in the world, Mount Everest?Nepal
92%
Where is the Leaning Tower of Pisa located?Pisa, Italy
92%
Which country is the largest in the world ( by land mass)Russia
92%
What is biggest country by land mass in USAAlaska
83%
Which is the most populated country in the worldChina
83%
What is the only country that borders the United Kingdom?Ireland
83%
Which is the biggest country in africaAlgeria
75%
What is the longest country in the worldChile
75%
What is the biggest island country in worldAustralia
67%
Which is the largest desert in the world?Thar
0%

Score Distribution

Percentile by Number Answered

Percent of People with Each Score

Your Score History

You have not taken this quiz